| 000 | 00355nam a2200133Ia 4500 | ||
|---|---|---|---|
| 008 | 231221s9999 xx 000 0 und d | ||
| 020 | _a978-0-387-39252-3 | ||
| 041 | _aEnglish | ||
| 100 | _aPhilipp Cimiano | ||
| 245 | 0 | _aOntology Learning and Population from Text | |
| 260 |
_c2006 _bSpringer US _aNew York |
||
| 650 | _aComputer Science | ||
| 942 | _cEB | ||
| 999 |
_c218175 _d218175 |
||